Words that are Names of U.S. Cities - Statistics

General Stats
  • This quiz has been taken 2,424 times
  • The average score is 13 of 20
Answer Stats
Definition Answer State % Correct
Mythological bird that rises from its own ashes Phoenix Arizona
98%
Informal term for a bison Buffalo New York
96%
A very large rock Boulder Colorado
93%
Exclamation yelled when making a discovery Eureka California
89%
Term for a subdivision of Switzerland Canton Ohio
84%
Plateau with cliff-like edges Mesa Arizona
78%
Type of quartz which can be struck against metal to create sparks Flint Michigan
75%
Digesting information via looking at text Reading Pennsylvania
73%
Reddish brown color, often used to describe hair Auburn Alabama
67%
Spinning sculpture often hung above a child's crib Mobile Alabama
65%
100 year anniversary Centennial Colorado
64%
Atmospheric phenomenon caused by a solar storm Aurora Colorado
59%
Regular, common, basic Normal Illinois
53%
One who makes or sells candles Chandler Arizona
52%
Flat-topped hill with cliff-like edges Butte Montana
44%
A state of agreement and harmony Concord New Hampshire
44%
System of burrows in which rabbits live Warren Michigan
39%
Better than Superior Wisconsin
32%
Tree found in dry areas of North America whose wood is commonly used to smoke meat Mesquite Texas
30%
System of measure used to weigh precious metals Troy Michigan
18%
No matching quizzes found
Score Distribution
Percent of People with Each Score
Percentile by Number Answered
Your Score History
You have not taken this quiz